000 01683cam a2200361 a 4500
001 14823047
003 OSt
005 20180117085950.0
008 070425s2007 nyu b 001 0 eng
010 _a 2007017387
015 _aGBA762252
_2bnb
016 7 _a013811424
_2Uk
020 _a9781595582072
020 _a159558207X
035 _a(OCoLC)ocn124031823
035 _a(OCoLC)124031823
040 _aDLC
_cDLC
_dYDX
_dBAKER
_dBTCTA
_dUKM
_dOCO
_dYDXCP
_dIXA
_dDLC
050 0 0 _aP91
_b.M372 2007
082 0 0 _a302.2309/0501
_222
100 1 _aMcChesney, Robert Waterman,
_d1952-
245 1 0 _aCommunication revolution :
_bcritical junctures and the future of media /
_cRobert W. McChesney.
260 _aNew York :
_bNew Press :
_bDistributed by W. W. Norton & Co.,
_c2007.
300 _axviii, 301 p. ;
_c22 cm.
504 _aIncludes bibliographical references (p. [223]-285) and index.
650 0 _aCommunication
_xHistory
_y21st century
_vForecasts.
856 4 1 _3Table of contents only
_uhttp://www.loc.gov/catdir/toc/ecip0717/2007017387.html
856 4 2 _3Contributor biographical information
_uhttp://www.loc.gov/catdir/enhancements/fy1409/2007017387-b.html
856 4 2 _3Publisher description
_uhttp://www.loc.gov/catdir/enhancements/fy1409/2007017387-d.html
906 _a7
_bcbc
_corignew
_d1
_eecip
_f20
_gy-gencatlg
942 _2ddc
_cBK
999 _c2844
_d2844